000 00562nam a22002417a 4500
003 UA-OsUOA
001 20774
007 ta
008 20031104b un ||||| |||| 00| 0 ukr d
100 _aУтченко С.Л.
090 _a832.6
_bУ84
942 _cBK
040 _aUA-OsUOA
_brus
_cUA-OsUOA
_dUA-OsUOA
245 _aГлазами историка
300 _a262 с.
_bІлюстрації
955 _a0
041 _arus
080 _a832.6
260 _aМосква
_bНаука
_c1966
044 _aRU
650 7 _2UDC
999 _c306958
_d306958